000 00243nam a22000857a 4500
008 170112b xxu||||| |||| 00| 0 eng d
100 _92367
_aSoni. A
245 _aThe Brain Game: Learning Computers-10
260 _aNew Delhi
_bNavdeep Publication
_c2007
999 _c5348
_d5348